Visualizzazione normale
Vista MARC
- Monk Thelonious
di Personal Name
Records bibliografici associati: 1
001 - CONTROL NUMBER
- control field: 14718
003 - CONTROL NUMBER IDENTIFIER
- control field: IT-RoPau
005 - DATE AND TIME OF LATEST TRANSACTION
- control field: 20140222215637.0
008 - FIXED-LENGTH DATA ELEMENTS
- fixed length control field: 140222|| aca||aabn | a|a d
040 ## - CATALOGING SOURCE
- Original cataloging agency: IT-RoPau
- Transcribing agency: IT-RoPau
100 ## - HEADING--PERSONAL NAME
- Personal name: Monk Thelonious
- Relator term: Interprete
- Miscellaneous information: Codice interprete SPICS: 10795
670 ## - SOURCE DATA FOUND
- Source citation: Work cat.: (IT-RoPau)98877: Monk Thelonious 14714, Monk On Riverside 1957-58, vol. 08